| 000 | 00623nam a2200205 a 4500 | ||
|---|---|---|---|
| 005 | 20240920064057.0 | ||
| 008 | 991125s1992 bue 000 0 spa u | ||
| 020 | _a9507550399 | ||
| 035 | _aUPN01000049710 | ||
| 049 | _aCG | ||
| 050 | 4 |
_aLB1025 _bP4.6 |
|
| 100 | 1 |
_aPérez Alvarez, Sergio _928611 |
|
| 245 | 1 | 0 |
_aPsicología y didáctica del aprendizaje constructivo 3 / _cSergio Pérez Alvarez. |
| 260 |
_aBuenos Aires : _bBraga, _c1992. |
||
| 300 |
_a118 p. : _bil. |
||
| 650 | 4 |
_aInnovaciones educativas _9386 |
|
| 650 | 4 |
_aEducación de niños _95387 |
|
| 650 | 7 |
_aTeorías del aprendizaje _2 _91225 |
|
| 905 | _aLibro | ||
| 999 |
_c49710 _d49710 |
||